00629nam a2200205Ia 4500003000400000005001700004008004100021020001500062040001800077041000800095082002100103100002000124245010900144250001200253260004000265300002500305650002900330650003800359650002600397OSt20241202154910.0210716s2001 xx 000 0 und d a0130283576 cAIMIT LIBRARY aeng a658.80221bQUEJ aQuelch, John A. aCases in strategic marketing management : bbusiness strategies in muslim countries /cBy John A Quelch. a1st ed. aNew Jersy :bPrentice Hall ,c2001. a178p. ;bPBc24.3 cm aPlanning a joint venture aAchieving international expansion aProduct line planning